| 000 | 01195nam0a22002891 4500 | ||
|---|---|---|---|
| 001 | rc\3012113 | ||
| 005 | 20250806201043.0 | ||
| 035 | _a(NLR Aleph) 007154585 | ||
| 090 |
_a5253 _c5253 |
||
| 100 | _a20110924d1945 u y0rusy50 ca | ||
| 101 | 0 | _arus | |
| 102 | _aRU | ||
| 105 | _aa z ||||| | ||
| 200 | 1 |
_aИзготовление сплавов цветных металлов _eПракт. руководство _fВ.А. Буталов _gПод ред. проф. Ю.В. Баймакова |
|
| 210 |
_a[Ленинград] _cЛениздат _d1945 _gтип. № 1 Упр. изд-в и полиграфии Ленгорисполкома |
||
| 215 |
_a104 с. _cил., черт. _d19 см |
||
| 225 | 1 | _aВ помощь молодому рабочему | |
| 320 | _aБиблиогр.: с. 103 | ||
| 700 | 1 |
_aБуталов _bВ.А. _f1881- _gВладимир Александрович |
|
| 702 | 1 |
_aБаймаков _bЮ.В. _f1894- _gЮрий Владимирович _4340 |
|
| 801 | 0 |
_aRU _bNLR _gpsbo |
|
| 801 | 1 |
_aRU _bELAR _2rusmarc |
|
| 852 |
_aNLR _jТ30 Г-3/16 |
||
| 942 | _cBOOK | ||
| 945 | _aРоссийская национальная библиотека | ||
| 980 | _aNB | ||
| 980 | _aBV | ||